O Brasil dos viajantes (Record no. 143)

MARC details
000 -CABECERA
campo de control de longitud fija 01109nam a2200253 a 4500
001 - NÚMERO DE CONTROL
campo de control BRCA_165
005 - FECHA Y HORA DE LA ÚLTIMA TRANSACCIÓN
campo de control 20190320202916.0
008 - DATOS DE LONGITUD FIJA--INFORMACIÓN GENERAL
campo de control de longitud fija 960103s1994 po-a---##b---#000-0#por-#
020 ## - NÚMERO INTERNACIONAL ESTÁNDAR DEL LIBRO
Número Internacional Estándar del Libro 9728176066
040 ## - FUENTE DE LA CATALOGACIÓN
Centro catalogador/agencia de origen DLC
Centro/agencia transcriptor DLC
Centro/agencia modificador DLC
050 #4 - SIGNATURA TOPOGRÁFICA DE LA BIBLIOTECA DEL CONGRESO
Número de clasificación F2511
Número de documento/Ítem .B73 1995
245 10 - MENCIÓN DE TÍTULO
Título O Brasil dos viajantes
Resto del título Museu de Arte de São Paulo Assis Chateaubriand
Mención de responsabilidad, etc. textos Ana María de Morales Belluzzo.
260 ## - PUBLICACIÓN, DISTRIBUCIÓN, ETC.
Lugar de publicación, distribución, etc. [Lisboa]
Fecha de publicación, distribución, etc. 1995
300 ## - DESCRIPCIÓN FÍSICA
Extensión 67 p.
Otras características físicas il. (algunas a color)
Dimensiones 30 cm.
500 ## - NOTA GENERAL
Nota general Catálogo de la exposición realizada en el Museo de Arte de Sao Paulo Assis chateaubriand, 20 octubre-18 diciembre 1994 y en la Fundacao Das Descobertas Centro Cultural de Belém, 26 enero-2 abril 1995
504 ## - NOTA DE BIBLIOGRAFÍA, ETC.
Nota de bibliografía, etc. Bibliografía: p. 63-66
650 14 - PUNTO DE ACCESO ADICIONAL DE MATERIA--TÉRMINO DE MATERIA
Término de materia o nombre geográfico como elemento de entrada Etnología
Subdivisión general Exposiciones
Subdivisión geográfica Brasil
9 (RLIN) 631
650 14 - PUNTO DE ACCESO ADICIONAL DE MATERIA--TÉRMINO DE MATERIA
Término de materia o nombre geográfico como elemento de entrada Indígenas de America del Sur
Subdivisión de forma Exposiciones
Subdivisión general Cultura material
Subdivisión geográfica Brasil
9 (RLIN) 632
650 14 - PUNTO DE ACCESO ADICIONAL DE MATERIA--TÉRMINO DE MATERIA
Término de materia o nombre geográfico como elemento de entrada Historia natural
Subdivisión de forma Exposiciones
Subdivisión geográfica Brasil
9 (RLIN) 633
650 14 - PUNTO DE ACCESO ADICIONAL DE MATERIA--TÉRMINO DE MATERIA
Término de materia o nombre geográfico como elemento de entrada Viajeros
Subdivisión de forma Exposiciones
Subdivisión general Historia
Subdivisión geográfica Brasil
9 (RLIN) 634
651 #4 - PUNTO DE ACCESO ADICIONAL DE MATERIA--NOMBRE GEOGRÁFICO
Nombre geográfico Brasil
Subdivisión general Descripción y viajes
9 (RLIN) 635
700 1# - PUNTO DE ACCESO ADICIONAL--NOMBRE DE PERSONA
Nombre de persona Belluzzo, Ana María de Morales
9 (RLIN) 636
942 ## - ELEMENTOS DE PUNTO DE ACCESO ADICIONAL (KOHA)
Fuente del sistema de clasificación o colocación Library of Congress Classification
Tipo de ítem Koha Libros
Holdings
Estado de retiro Estado de pérdida Estado dañado No para préstamo Localización permanente Ubicación/localización actual Fecha de adquisición Total de préstamos Signatura topográfica completa Código de barras Fecha visto por última vez Precio válido a partir de Tipo de ítem Koha
El ejemplar forma parte de la colección y puede ser consultado según las políticas vigentes.       Biblioteca del Museo Franz Mayer (Rogerio Casas-Alatriste) Biblioteca del Museo Franz Mayer (Rogerio Casas-Alatriste) 25/06/2008   F2511 .B73 1995 00225 22/03/2019 22/03/2019 Libros